Študijný program Podnikovohospodárskej fakulty v Košiciach 1994/95

Guardado en:
Detalles Bibliográficos
Autor Corporativo: Ekonomická univerzita v Bratislave. Podnikovohospodárska fakulta so sídlom v Košiciach
Formato: Libro
Lenguaje:eslovaco
Publicado: Bratislava Rektorát EU 1994
Edición:1. vyd.
Materias:
Etiquetas: Agregar Etiqueta
Sin Etiquetas, Sea el primero en etiquetar este registro!

MARC

LEADER 00000nam a2200000 4500
001 c005667
005 20221214074941.4
020 |a 80-225-0624-9 
041 0 |a slo 
044 |a SK 
245 1 0 |a Študijný program Podnikovohospodárskej fakulty v Košiciach 1994/95 
250 |a 1. vyd. 
264 1 |a Bratislava  |b Rektorát EU  |c 1994 
300 |a 70 s. 
610 2 0 |a programy študijné 
610 2 0 |a plán učebný 
610 2 0 |a univerzity 
610 2 0 |a vzdelávanie vysokoškolské 
610 2 0 |a štruktúra organizačná 
710 2 |a Ekonomická univerzita v Bratislave. Podnikovohospodárska fakulta so sídlom v Košiciach